| 000 | 02749cam a2200397Ia 4500 | ||
|---|---|---|---|
| 001 | 9780203826300 | ||
| 003 | BD-DhSAU | ||
| 005 | 20151012151723.0 | ||
| 006 | a|||||s||||||||||| | ||
| 007 | cr|||| | ||
| 008 | 121109s2008 enkad sb 001 0 eng d | ||
| 020 | _a9780203826300 (e-book : PDF) | ||
| 040 |
_aBD-DhSAU _cBD-DhSAU |
||
| 043 | _ad------ | ||
| 090 |
_aNX596.3 _b.C74 2008 |
||
| 092 |
_a338.90091724 _bC912 |
||
| 245 | 0 | 0 |
_aCreative industries and developing countries _h[electronic resource] : _bvoice, choice and economic growth / _cedited by Diana Barrowclough and Zeljka Kozul-Wright. |
| 260 |
_aLondon ; _aNew York : _bRoutledge, _c2008. |
||
| 300 |
_axii, 334 p. : _bill. |
||
| 490 | 1 | _aRoutledge studies in contemporary political economy | |
| 504 | _aIncludes bibliographical references and index. | ||
| 505 | 0 | _a1. Voice, choice and diversity through creative industries : towards a new development agenda / Diana Barrowclough and Zeljka Kozul-Wright -- 2. Opportunities presented and threats posed by the digital production/distribution revolution / Roger Wallis -- 3. Financing creative industries in developing countries / Stuart Cunningham ... [et al.] -- 4. Film culture and industry in Burkina Faso / Teresa Hoefert de Turãaegano -- 5. The music industry and its potential role in local economic development : the case of Senegal / Andy C. Pratt -- 6. The sounds of Brazil : the popular music and the music industry / Josãae E Cassiolato, Marcelo Matos and Helena Lastres -- 7. The audio-visual sector in India / Arpita Mukherjee -- 8. Copyright-based industries in Arab countries / Najib Harabi -- 9. The IPRs and the music industry in the Caribbean / Vanus James -- 10. Promoting creative industries : public policies in support of film, music, and broadcasting / Verena Wiedemann -- 11. Targeting creativity through the intermediary : regional and local approaches in the UK and beyond / Tom Fleming -- 12. The policy parameters / Anna Jaguaribe. | |
| 530 | _aAlso available in print edition. | ||
| 538 | _aMode of access: World Wide Web. | ||
| 650 | 0 |
_aArts _xEconomic aspects _zDeveloping countries. |
|
| 650 | 0 |
_aCultural industries _xEconomic aspects _zDeveloping countries. |
|
| 650 | 0 |
_aCreative ability _xEconomic aspects _zDeveloping countries. |
|
| 650 | 0 |
_aCulture _xEconomic aspects _zDeveloping countries. |
|
| 650 | 0 |
_aPopular culture _xEconomic aspects _zDeveloping countries. |
|
| 655 | 7 |
_aElectronic books. _2lcsh |
|
| 700 | 1 | _aBarrowclough, Diana. | |
| 700 | 1 | _aKozul-Wright, Zeljka. | |
| 776 | 1 |
_z9780415391382 (hardback) _z0415391385 (hardback) |
|
| 830 | 0 | _aRoutledge studies in contemporary political economy. | |
| 856 | 4 | 0 | _uhttp://www.tandfebooks.com/isbn/9780203826300 |
| 999 |
_c12968 _d12967 |
||